| 000 | 00424nam a2200169Ia 4500 | ||
|---|---|---|---|
| 008 | 221030s9999 xx 000 0 und d | ||
| 020 | _a8121904676 | ||
| 041 | _aEnglish | ||
| 082 |
_a105.23 _bSub |
||
| 100 | _aN. Subrahmanyam | ||
| 245 | 2 |
_aA Text Book of Optics _cby N. Subrahmanyam, Brij Lal |
|
| 260 |
_bS. Chand & Co. _aNew Delhi _c2003 |
||
| 300 | _a718 | ||
| 650 | _aBB Physics | ||
| 700 | _aBrij Lal | ||
| 942 | _cBK | ||
| 999 |
_c1108 _d1108 |
||